000 00696nam a22001937a 4500
005 20251108165354.0
008 250721s1988 xx 000 0 ara d
082 1 4 _a962/عبد
100 1 _aالسلطان، عبد الله عبد المحسن
245 1 0 _aالبحر الأحمر و الصراع العربي - الإسرائيلي :
_bالتنافس بين إستراتيجيتين /
250 _aط3
264 1 _aبيروت :
_bمركز دراسات الوحدة العربية،
_c1988.
300 _a360ص
490 0 _aسلسلة أطروحات الدكتوراة ؛ 7
650 1 7 _aتاريخ مصر
650 1 7 _aالبحر الأحمر
942 _2ddc
_cBK
999 _c26341
_d26341